[Event "Wch U10 blitz"]
[Site "Batumi"]
[Date "2023.06.10"]
[Round "2"]
[White "Banerjee, Supratit"]
[Black "Tleuov, Akhan"]
[Result "1-0"]
[WhiteElo "1768"]
[BlackElo "1498"]
[PlyCount "83"]
[EventDate "2023.06.10"]
[EventType "swiss (blitz)"]
[EventRounds "11"]
[EventCountry "GEO"]
[SourceTitle "EXT 2024"]
[Source "ChessBase"]
[SourceDate "2023.10.10"]
[SourceVersion "1"]
[SourceVersionDate "2023.10.10"]
[SourceQuality "1"]
[WhiteTeam "Schottland"]
[BlackTeam "Kazakhstan"]
[WhiteTeamCountry "SCO"]
[BlackTeamCountry "KAZ"]

1. e4 e5 2. Nf3 Nc6 3. d4 exd4 4. Nxd4 Nf6 5. Nc3 Bb4 6. Nxc6 bxc6 7. Bd3 d5 8. exd5 cxd5 9. 0-0 0-0 10. Bg5 c6 11. Qf3 h6 12. Bxf6 Qxf6 13. Qxf6 gxf6 14. Ne2 Bd7 15. Ng3 Rfe8 16. c3 Bd6 17. Bf5 Bxf5 18. Nxf5 Bf8 19. Rae1 Re5 20. Nd4 c5 21. Nf3 Re6 22. Rd1 Rd8 23. Rfe1 Bd6 24. Kf1 Be5 25. Nd2 Rb6 26. Nc4 Re6 27. Ne3 d4 28. Nf5 Kh7 29. g3 Kg6 30. Nh4+ Kh7 31. Kg2 Rde8 32. f4 Bb8 33. Rxe6 Rxe6 34. cxd4 cxd4 35. Rxd4 Re2+ 36. Kh3 Rxb2 37. Rd7 Kg7 38. Nf5+ Kg6 39. Nh4+ Kg7 40. a4 a5 41. Nf5+ Kf8 42. Rd8# 1-0

[Event "Wch U10 rapid"]
[Site "Batumi"]
[Date "2023.06.08"]
[Round "9"]
[White "Banerjee, Supratit"]
[Black "Tleuov, Akhan"]
[Result "1/2-1/2"]
[WhiteElo "1848"]
[BlackElo "1478"]
[PlyCount "172"]
[EventDate "2023.06.06"]
[EventType "swiss (rapid)"]
[EventRounds "11"]
[EventCountry "GEO"]
[SourceTitle "EXT 2024"]
[Source "ChessBase"]
[SourceDate "2023.10.10"]
[SourceVersion "1"]
[SourceVersionDate "2023.10.10"]
[SourceQuality "1"]
[WhiteTeam "Schottland"]
[BlackTeam "Kazakhstan"]
[WhiteTeamCountry "SCO"]
[BlackTeamCountry "KAZ"]

1. e4 c5 2. c3 d5 3. exd5 Qxd5 4. d4 Nf6 5. Nf3 Bg4 6. Be2 e6 7. 0-0 Nc6 8. Be3 cxd4 9. cxd4 Be7 10. Nc3 Qd6 11. h3 Bh5 12. Rc1 0-0 13. Qd2 Rfd8 14. Rfd1 Rd7 15. a3 Rad8 16. Bf4 e5 17. dxe5 Qe6 18. Qe3 Rxd1+ 19. Rxd1 Rxd1+ 20. Bxd1 Nd7 21. Nd4 Nxd4 22. Bxh5 Qc4 23. Bg4 Nf8 24. Bf3 Nde6 25. Bg3 b6 26. Bd5 Qc7 27. Be4 Bc5 28. Qd3 Bd4 29. Nb5 Qc1+ 30. Kh2 Bxb2 31. a4 Nc5 32. Qf3 Nxe4 33. Qxe4 Qc8 34. Nd6 Qd7 35. f4 Ba3 36. f5 Bc5 37. h4 h6 38. f6 g6 39. Qf4 Kh7 40. h5 g5 41. Qe4+ Kh8 42. Nf5 Qd1 43. Ne3 Qxh5+ 44. Kg1 Qg6 45. Qf3 g4 46. Qe2 Qe4 47. Kf2 Ne6 48. Qd2 Nd4 49. Kf1 Kh7 50. Bf2 Nb3 51. Qd7 Kg6 52. Qxg4+ Qxg4 53. Nxg4 Kf5 54. Nxh6+ Kxe5 55. Nxf7+ Kxf6 56. Nd8 Na5 57. Bh4+ Kf5 58. Bg3 Kg4 59. Bb8 Be7 60. Ne6 Nc6 61. Bc7 Kf5 62. Ng7+ Kf6 63. Nh5+ Kg5 64. Ng3 a6 65. Bxb6 Kf4 66. Bc7+ Kg4 67. Ne4 Nd4 68. a5 Nc6 69. Nf2+ Kf5 70. g4+ Kg5 71. Kg2 Bb4 72. Kf3 Bxa5 73. Bf4+ Kg6 74. Nd3 Bc3 75. Ke4 a5 76. Nc5 Nb4 77. g5 Bb2 78. Kf3 Nd5 79. Bd2 Bc3 80. Bc1 Bb4 81. Nd7 Bd6 82. Kg4 a4 83. Nf6 Nxf6+ 84. gxf6 a3 85. Bxa3 Bxa3 86. Kf4 Kxf6 1/2-1/2

[Event "Wch U10 rapid"]
[Site "Batumi"]
[Date "2023.06.08"]
[Round "11"]
[White "Tleuov, Akhan"]
[Black "Bulgak, Damir"]
[Result "0-1"]
[WhiteElo "1478"]
[BlackElo "1836"]
[PlyCount "116"]
[EventDate "2023.06.06"]
[EventType "swiss (rapid)"]
[EventRounds "11"]
[EventCountry "GEO"]
[SourceTitle "EXT 2024"]
[Source "ChessBase"]
[SourceDate "2023.10.10"]
[SourceVersion "1"]
[SourceVersionDate "2023.10.10"]
[SourceQuality "1"]
[WhiteTeam "Kazakhstan"]
[BlackTeam "FIDE"]
[WhiteTeamCountry "KAZ"]

1. e4 e5 2. Nf3 Nc6 3. Nc3 Nf6 4. Bb5 Bb4 5. 0-0 0-0 6. d3 d6 7. Bg5 h6 8. Bxf6 gxf6 9. Nd5 Bc5 10. Nh4 Nd4 11. Bc4 b5 12. Bb3 Nxb3 13. axb3 Kh7 14. Qf3 f5 15. Nxf5 c6 16. Nde3 Qg5 17. h4 Qf4 18. Qxf4 exf4 19. Ng4 h5 20. Nh2 d5 21. Nf3 Kg6 22. Ne5+ Kf6 23. Nxc6 Bb7 24. Na5 Bc8 25. c3 dxe4 26. dxe4 Bxf5 27. exf5 Rg8 28. Kh2 Rg4 29. g3 Bxf2 30. Kg2 Bxg3 31. Kf3 Re8 32. Nc6 Re3+ 33. Kg2 Bxh4+ 34. Kh2 Re2+ 35. Kh1 Bg3 36. Nd4 Rxb2 37. Ra6+ Kg7 38. f6+ Kg6 39. Nf3 Re2 40. Rxa7 Bf2 41. Re7 Be3 42. Re8 Rg3 43. Rg8+ Kh6 44. Rh8+ Kg6 45. Rg8+ Kh6 46. Rh8+ Kg6 47. Rg8+ Kxf6 48. Rxg3 fxg3 49. Nh4+ Rf2 50. Rxf2+ Bxf2 51. Kg2 Kg5 52. Nf3+ Kf4 53. c4 bxc4 54. bxc4 f6 55. Nd2 h4 56. Nb3 Kg4 57. c5 h3+ 58. Kf1 Be3 0-1